00478nam a22001692 4500001001100000005001700011008004100028020001700069040001500086100002800101245007800129250001300207260003700220300001800257650003000275852000300305000002112620151217152226.0120112s xx 000 0 eng d a0393050270 : aKABUcKABU1 aCohen, Jon.@000018181510aShots in the dark :bthe wayward search for an aids vaccine /cJon Cohen. a1st ed. aNew York :bW. W. Norton,c2001. axvii, 440 p. 0aAIDS vaccine.@00001818161